000 00268nam a22001337a 4500
003 SGT
082 _a370
_bE14P
100 _aPARSON, JULIE
245 _aECONOMICS
260 _aNEW DELHI
_bLOTUS PRESS
_c2014
300 _a238
650 _aEDUCATION
942 _2ddc
_cBK
999 _c12318
_d12318